The Quest for Personal Power: (Record no. 209579)

MARC details
000 -LEADER
fixed length control field 00627nam a22001937a 4500
005 - DATE AND TIME OF LATEST TRANSACTION
control field 20250220124519.0
010 ## - LCCN (DPL NO)
LC control number ENG-143042
020 ## - INTERNATIONAL STANDARD BOOK NUMBER
International Standard Book Number 978818157396
Terms of availability 250.0
035 ## - SYSTEM CONTROL NUMBER
System control number EN-126574
037 ## - SOURCE OF ACQUISITION
Source of stock number/acquisition DBAD
082 ## - DEWEY DECIMAL CLASSIFICATION NUMBER
Classification number 153.69
Edition number 1
100 ## - MAIN ENTRY--PERSONAL NAME
Personal name Nuernberger, Phil
245 ## - TITLE STATEMENT
Title The Quest for Personal Power:
Remainder of title Transforming Stress into Strength/
Statement of responsibility, etc by Phil Nuernberger
250 ## - EDITION STATEMENT
Edition statement 1
260 ## - PUBLICATION, DISTRIBUTION, ETC. (IMPRINT)
Place of publication, distribution, etc Uttarakhand
Name of publisher, distributor, etc Himalayan Institute Hospital Trust
270 ## - ADDRESS
Address Swami Ram Nagar, P.O. Doiwala Distt. Dehradun,
City Uttarakhand
Postal code 248140
300 ## - PHYSICAL DESCRIPTION
Extent 345p.
Dimensions 22cm(pb).
942 ## - ADDED ENTRY ELEMENTS (KOHA)
Source of classification or shelving scheme Dewey Decimal Classification
Item type English Books
Classification part 153.69
Call number suffix NUE
Edition 1
Holdings
Withdrawn status Lost status Not for loan Collection code Home library Current library Date acquired Source of acquisition Cost, normal purchase price Full call number Barcode Copy number Cost, replacement price Koha item type
      Non-fiction Central Library Central Library 20/02/2025 Delivery of Books Act Division 250.00 153.69 NUE EN-126574 1 250.00 English Books

© Delhi Public Library
Hit Counter
free hit counter